Statistics for Countries That Have An Extradition Treaty With China

Click here to take the quiz!

General Stats

  • This quiz has been taken 28 times
  • The average score is 34 of 55

Answer Stats

Country% Correct
Russia
92%
Cambodia
88%
Belarus
84%
France
84%
Iran
84%
Laos
84%
Vietnam
84%
Kazakhstan
80%
South Africa
80%
South Korea
80%
Thailand
80%
Uzbekistan
80%
Australia
76%
Brazil
76%
Kenya
76%
Kyrgyzstan
76%
Pakistan
72%
Tajikistan
72%
Ukraine
72%
United Arab Emirates
72%
Afghanistan
68%
Angola
68%
Argentina
68%
Indonesia
68%
Mexico
68%
Mongolia
68%
Philippines
68%
Spain
68%
Algeria
64%
Chile
64%
Italy
64%
Morocco
64%
Turkey
64%
Zimbabwe
64%
Republic of the Congo
60%
Tunisia
60%
Ethiopia
56%
Peru
56%
Romania
56%
Austria
52%
Belgium
52%
Ecuador
52%
Panama
52%
Sri Lanka
52%
Portugal
48%
Lithuania
44%
Namibia
44%
Bulgaria
40%
Cyprus
36%
Lesotho
36%
Bosnia and Herzegovina
28%
Mauritius
28%
Senegal
24%
Barbados
20%
Grenada
12%

Score Distribution

Percentile by Number Answered

Percent of People with Each Score

Your Score History

You have not taken this quiz